000 00445nam a2200181Ia 4500
008 100917s9999 xx 000 0 und d
082 _b8525
100 _aबुवा वि. आ.
245 _aपसंत आहे
260 _b---
300 _a116
365 _b4
520 _aकादंबरी
630 _aपसंत आहे
650 _aकादंबरी
730 _aपसंत आहे
942 _cBOOK
999 _c613919
_d613916